[Event "Napoli Antica Scuola 1st"]
[Site "Napoli"]
[Date "2013.03.14"]
[Round "4"]
[White "Cosenza, Gianni"]
[Black "De Meo, Guido"]
[Result "1-0"]
[WhiteElo "1957"]
[BlackElo "1800"]
[PlyCount "45"]
[EventDate "2013.02.21"]
[EventType "swiss"]
[EventRounds "7"]
[EventCountry "ITA"]
[SourceTitle "EXT 2014"]
[Source "ChessBase"]
[SourceDate "2013.11.20"]
[SourceVersion "1"]
[SourceVersionDate "2013.11.20"]
[SourceQuality "1"]

1. e4 c5 2. Nf3 d6 3. d4 cxd4 4. Nxd4 Nf6 5. Nc3 a6 6. Bg5 e6 7. f4 Be7 8. Qe2 0-0 9. 0-0-0 h6 10. h4 Nc6 11. e5 Nd5 12. Nxd5 exd5 13. exd6 Bxg5 14. hxg5 Qxd6 15. Qf3 Re8 16. Nb3 Rd8 17. gxh6 gxh6 18. Rh5 Ne7 19. Bd3 f5 20. Rdh1 Be6 21. Rxh6 Kf8 22. Nd4 Nc6 23. Nxe6+ 1-0

[Event "Napoli Sociale-ch"]
[Site "Napoli"]
[Date "2012.06.21"]
[Round "4"]
[White "De Meo, Guido"]
[Black "Auletta, Angelo"]
[Result "0-1"]
[WhiteElo "1813"]
[BlackElo "2213"]
[PlyCount "92"]
[EventDate "2012.05.31"]
[EventType "swiss"]
[EventRounds "7"]
[EventCountry "ITA"]
[SourceTitle "EXT 2018"]
[Source "ChessBase"]
[SourceDate "2017.10.13"]
[SourceVersion "1"]
[SourceVersionDate "2017.10.13"]
[SourceQuality "1"]

1. d4 Nf6 2. g3 c5 3. d5 b5 4. Bg2 Bb7 5. Nc3 b4 6. Na4 d6 7. e4 g6 8. Ne2 Bg7 9. 0-0 0-0 10. Re1 Nbd7 11. Rb1 Ba6 12. b3 Bb5 13. Nb2 Qa5 14. Bd2 Qxa2 15. c4 bxc3 16. Bxc3 Qa6 17. Ra1 Qb7 18. Nc4 Bxc4 19. bxc4 Ne8 20. Bxg7 Nxg7 21. Qa4 Rfb8 22. Nc3 a6 23. Reb1 Qc7 24. Rxb8+ Nxb8 25. Rb1 Nd7 26. Bf1 Ne8 27. Be2 Nef6 28. Bd3 Kg7 29. Qa2 Ne5 30. Be2 Rb8 31. Rxb8 Qxb8 32. f4 Ned7 33. Qa1 Qb4 34. Nd1 Qd2 35. Kf1 Qd4 36. Qxa6 Nxe4 37. Qc8 Ndf6 38. Qa6 Nd2+ 39. Kg2 Qe4+ 40. Kf2 Qh1 41. Qa1 Qxh2+ 42. Ke1 Nde4 43. g4 Qxf4 44. Qb2 h6 45. Qa1 Qd2+ 46. Kf1 Ng3+ 0-1

[Event "Napoli Porreca Cup 1st"]
[Site "Napoli"]
[Date "2011.11.03"]
[Round "6"]
[White "Ceglio, Fulvio"]
[Black "De Meo, Guido"]
[Result "1-0"]
[WhiteElo "2040"]
[BlackElo "1823"]
[PlyCount "81"]
[EventDate "2011.09.22"]
[EventType "swiss"]
[EventRounds "7"]
[EventCountry "ITA"]
[SourceTitle "EXT 2018"]
[Source "ChessBase"]
[SourceDate "2017.10.13"]
[SourceVersion "1"]
[SourceVersionDate "2017.10.13"]
[SourceQuality "1"]

1. d4 d6 2. c4 Nf6 3. Nc3 g6 4. e4 Bg7 5. Nge2 0-0 6. Ng3 Bg4 7. Qb3 Qc8 8. Be3 Nc6 9. f3 Bd7 10. Be2 e5 11. d5 Ne7 12. c5 Ne8 13. Bb5 Bxb5 14. Nxb5 a6 15. cxd6 cxd6 16. Rc1 Qd7 17. Na3 b5 18. 0-0 h5 19. Ne2 Rb8 20. Nc4 Qd8 21. Nd2 Kh7 22. Rc2 f5 23. Rfc1 f4 24. Bf2 g5 25. a4 Qa5 26. Nc3 Nc7 27. Ra1 bxa4 28. Qxa4 Qxa4 29. Rxa4 Rfc8 30. Nc4 Nb5 31. Kf1 Nd4 32. Rd2 Nb3 33. Rd1 Nc5 34. Bxc5 Rxc5 35. Rda1 Nc8 36. R1a2 Bf8 37. Ke2 Be7 38. Kd3 Bd8 39. Rxa6 Bc7 40. Ra8 Rxa8 41. Rxa8 1-0

[Event "Napoli Estate al Vomero op 5th"]
[Site "Napoli"]
[Date "2011.06.23"]
[Round "7"]
[White "Caiazzo, Diego"]
[Black "De Meo, Guido"]
[Result "1-0"]
[WhiteElo "1854"]
[BlackElo "1826"]
[PlyCount "61"]
[EventDate "2011.05.08"]
[EventType "swiss"]
[EventRounds "7"]
[EventCountry "ITA"]
[SourceTitle "EXT 2018"]
[Source "ChessBase"]
[SourceDate "2017.10.13"]
[SourceVersion "1"]
[SourceVersionDate "2017.10.13"]
[SourceQuality "1"]

1. Nf3 c5 2. b3 d5 3. Bb2 Nf6 4. g3 g6 5. Bg2 Bg7 6. 0-0 Nc6 7. d4 cxd4 8. Nxd4 0-0 9. Nd2 Re8 10. Nxc6 bxc6 11. c4 Ba6 12. Re1 e5 13. Qc2 Rc8 14. Rad1 Qb6 15. c5 Qc7 16. Nf3 Rb8 17. Bf1 Nd7 18. a3 Bc8 19. e3 a5 20. Rb1 Qa7 21. Rec1 Bf8 22. Bh3 f5 23. g4 f4 24. exf4 exf4 25. Qc3 Kf7 26. Ng5+ Ke7 27. Re1+ Kd8 28. Nf7+ Kc7 29. Rxe8 Bxc5 30. Qf3 g5 31. Nxg5 1-0

[Event "Napoli Estate al Vomero op 5th"]
[Site "Napoli"]
[Date "2011.05.19"]
[Round "3"]
[White "Lorenzo, Beniamino"]
[Black "De Meo, Guido"]
[Result "0-1"]
[WhiteElo "1386"]
[BlackElo "1826"]
[PlyCount "86"]
[EventDate "2011.05.08"]
[EventType "swiss"]
[EventRounds "7"]
[EventCountry "ITA"]
[SourceTitle "EXT 2018"]
[Source "ChessBase"]
[SourceDate "2017.10.13"]
[SourceVersion "1"]
[SourceVersionDate "2017.10.13"]
[SourceQuality "1"]

1. e4 c5 2. Nc3 Nc6 3. d3 d6 4. g3 Nf6 5. Bg2 Bg4 6. Nf3 g6 7. Bg5 Bg7 8. 0-0 Nd4 9. Re1 0-0 10. Nd5 Qd7 11. c3 Ne6 12. Bxf6 exf6 13. d4 cxd4 14. cxd4 Ng5 15. Nc3 Rfe8 16. e5 dxe5 17. Ne4 Nxe4 18. Rxe4 f5 19. Rxe5 Bxe5 20. dxe5 Qxd1+ 21. Rxd1 Rxe5 22. Nxe5 Bxd1 23. Bxb7 Rb8 24. Bd5 Rxb2 25. Bxf7+ Kg7 26. Bc4 Rb1 27. Bd3 Ra1 28. Kg2 Rxa2 29. Bc4 Ra1 30. Nd3 a5 31. Nb2 Bc2 32. Bb5 Ra2 33. Nc4 Be4+ 34. Kf1 a4 35. Nd6 Bc2 36. Ne8+ Kf8 37. Nf6 h6 38. Nd7+ Ke7 39. Ne5 Kf6 40. Nd7+ Kg7 41. Nc5 a3 42. Ne6+ Kf6 43. Kg2 Rb2 0-1

[Event "Napoli Estate al Vomero op 5th"]
[Site "Napoli"]
[Date "2011.05.12"]
[Round "2"]
[White "De Meo, Guido"]
[Black "De Rosa, Francesco"]
[Result "0-1"]
[WhiteElo "1826"]
[BlackElo "1962"]
[PlyCount "92"]
[EventDate "2011.05.08"]
[EventType "swiss"]
[EventRounds "7"]
[EventCountry "ITA"]
[SourceTitle "EXT 2018"]
[Source "ChessBase"]
[SourceDate "2017.10.13"]
[SourceVersion "1"]
[SourceVersionDate "2017.10.13"]
[SourceQuality "1"]

1. d4 Nf6 2. c4 c5 3. Nf3 e6 4. Nc3 a6 5. g3 b6 6. Bg2 Bb7 7. e3 d5 8. cxd5 exd5 9. 0-0 Be7 10. b3 0-0 11. Bb2 Nbd7 12. Qe2 Ne4 13. Rfd1 Nxc3 14. Bxc3 Bf6 15. Rac1 Qe7 16. Qb2 Rac8 17. Ne1 c4 18. bxc4 Rxc4 19. Nd3 Rfc8 20. Bb4 Qe6 21. Rxc4 Rxc4 22. Nf4 Qf5 23. Rc1 Bc8 24. Nxd5 Rxc1+ 25. Qxc1 Nf8 26. Be7 Be6 27. e4 Qg6 28. Nf4 Qg5 29. Bxf6 gxf6 30. Qc7 Bxa2 31. Qxb6 Bc4 32. d5 Qe5 33. Qb1 a5 34. Nd3 Qc3 35. Bf1 Nd7 36. Nf4 Bb3 37. Bb5 Ne5 38. Be2 a4 39. Bd1 Qe1+ 40. Kg2 Qxd1 41. Qxd1 Bxd1 42. d6 a3 43. Nd5 a2 44. Nxf6+ Kf8 45. d7 Ke7 46. Nxh7 a1Q 0-1

[Event "Napoli Primavera al Vomero op 7th"]
[Site "Napoli"]
[Date "2011.04.15"]
[Round "6"]
[White "De Meo, Guido"]
[Black "Angelotti, Mario"]
[Result "1-0"]
[WhiteElo "1851"]
[BlackElo "1820"]
[PlyCount "73"]
[EventDate "2011.03.11"]
[EventType "swiss"]
[EventRounds "7"]
[EventCountry "ITA"]
[SourceTitle "EXT 2018"]
[Source "ChessBase"]
[SourceDate "2017.10.13"]
[SourceVersion "1"]
[SourceVersionDate "2017.10.13"]
[SourceQuality "1"]

1. d4 Nf6 2. Nf3 g6 3. g3 Bg7 4. Bg2 c5 5. 0-0 cxd4 6. Nxd4 0-0 7. e4 Nc6 8. c3 a6 9. Be3 Qc7 10. Na3 d6 11. h3 Bd7 12. Nac2 h5 13. Qd2 Qc8 14. Kh2 Ne5 15. b3 Rb8 16. f4 Nc6 17. Rac1 e5 18. Ne2 Qc7 19. Rfd1 exf4 20. Bxf4 Ne5 21. Qxd6 Rbc8 22. Qxc7 Rxc7 23. Bxe5 Ng4+ 24. hxg4 Bxe5 25. Ne3 hxg4 26. Nd5 Kg7 27. Nxc7 Rh8+ 28. Kg1 Bc6 29. Nd5 Bb8 30. c4 Ba7+ 31. c5 Bb5 32. Nd4 Bd7 33. e5 Rd8 34. b4 Bb8 35. Re1 Bc6 36. Nxc6 bxc6 37. Ne7 1-0

[Event "Napoli Vomero Summer op 4th"]
[Site "Napoli"]
[Date "2010.05.06"]
[Round "1"]
[White "De Meo, Guido"]
[Black "Ficco, Corrado"]
[Result "1/2-1/2"]
[WhiteElo "1849"]
[BlackElo "2150"]
[PlyCount "78"]
[EventDate "2010.05.06"]
[EventType "swiss"]
[EventRounds "7"]
[EventCountry "ITA"]
[SourceTitle "EXT 2024"]
[Source "ChessBase"]
[SourceDate "2023.10.10"]
[SourceVersion "1"]
[SourceVersionDate "2023.10.10"]
[SourceQuality "1"]

1. d4 f5 2. c4 Nf6 3. g3 g6 4. Nc3 Bg7 5. Bg2 0-0 6. e4 fxe4 7. Nxe4 Nxe4 8. Bxe4 d6 9. Ne2 Nc6 10. Be3 e5 11. d5 Ne7 12. 0-0 Bh3 13. Re1 Qd7 14. Nc3 Nf5 15. Qd2 Rae8 16. Rad1 Nd4 17. Bxd4 exd4 18. Nb5 Bg4 19. Rc1 d3 20. Qxd3 Bxb2 21. Rc2 Bg7 22. Nxa7 Bf3 23. Re3 Bg4 24. Nb5 Bh6 25. f4 Bg7 26. Nd4 Kh8 27. Rc1 Qa4 28. Nb5 Qxa2 29. Nxc7 Re7 30. Nb5 Bh3 31. Rce1 Qa6 32. Bg2 Bf5 33. Qe2 Qb6 34. Kf1 Ref7 35. Be4 Bd7 36. Rb1 Bh3+ 37. Bg2 Bf5 38. Be4 Bh3+ 39. Bg2 Bf5 1/2-1/2

[Event "Napoli Vomero Spring 7th"]
[Site "Napoli"]
[Date "2010.04.01"]
[Round "3"]
[White "De Meo, Guido"]
[Black "Borrelli, Salvatore"]
[Result "0-1"]
[WhiteElo "1853"]
[BlackElo "1967"]
[PlyCount "94"]
[EventDate "2010.03.18"]
[EventType "swiss"]
[EventRounds "6"]
[EventCountry "ITA"]
[SourceTitle "EXT 2024"]
[Source "ChessBase"]
[SourceDate "2023.10.10"]
[SourceVersion "1"]
[SourceVersionDate "2023.10.10"]
[SourceQuality "1"]

1. d4 d5 2. Nf3 e6 3. g3 c6 4. Bg2 Nd7 5. e4 dxe4 6. Ng5 Ngf6 7. Nd2 Qa5 8. Ngxe4 Nxe4 9. Bxe4 Nf6 10. Bg2 Be7 11. 0-0 0-0 12. Nc4 Qb5 13. b3 Qa6 14. Bb2 Nd5 15. Ne3 Bg5 16. Re1 Nxe3 17. fxe3 f5 18. c4 Bf6 19. Qe2 Bd7 20. b4 Qb6 21. Bc3 Qc7 22. Qb2 Rae8 23. Rac1 Qb8 24. Qd2 Qd8 25. Qc2 Bg5 26. Rcd1 Qc8 27. Qb2 Bf6 28. e4 Qc7 29. e5 Bg5 30. Bd2 f4 31. Rf1 b5 32. c5 f3 33. Bxf3 Bxd2 34. Qxd2 a5 35. Be4 axb4 36. Qxb4 Ra8 37. Qb1 Rxf1+ 38. Rxf1 h6 39. Bh7+ Kh8 40. Rf7 Qa5 41. Be4 Qd2 42. Qd3 Qe1+ 43. Rf1 Qa5 44. Qf3 Qd8 45. Bxc6 Bxc6 46. Qxc6 Qxd4+ 47. Kh1 Rxa2 0-1

[Event "Napoli Vomero Settembre op 6th"]
[Site "Napoli"]
[Date "2009.09.15"]
[Round "2"]
[White "Messina, Enrico"]
[Black "De Meo, Guido"]
[Result "1-0"]
[WhiteElo "2119"]
[BlackElo "1911"]
[PlyCount "69"]
[EventDate "2009.09.10"]
[EventType "swiss"]
[EventRounds "6"]
[EventCountry "ITA"]
[SourceTitle "EXT 2011"]
[Source "ChessBase"]
[SourceDate "2010.11.26"]
[SourceVersion "1"]
[SourceVersionDate "2010.11.26"]
[SourceQuality "1"]

1. e4 c5 2. Nf3 Nc6 3. d4 cxd4 4. Nxd4 Qb6 5. Nb3 Nf6 6. Nc3 d6 7. Be3 Qc7 8. Be2 g6 9. g4 Bg7 10. g5 Nd7 11. Qd2 Nb6 12. f4 Bh3 13. 0-0-0 0-0 14. Rhg1 Rad8 15. Rg3 Be6 16. Nd5 Bxd5 17. exd5 Nb8 18. Bd4 Bxd4 19. Qxd4 Rc8 20. c3 Nc4 21. Bg4 Rce8 22. Re1 b5 23. h4 Qb6 24. h5 Qxd4 25. Nxd4 a6 26. Rh3 Kg7 27. Reh1 Rh8 28. h6+ Kf8 29. Re1 Nb6 30. Bf3 Rc8 31. Bg2 Rc7 32. b3 Rc5 33. Rhe3 Nc8 34. Bh3 Nb6 35. Rxe7 1-0

[Event "Napoli Basile Memorial-B"]
[Site "Napoli"]
[Date "2007.06.07"]
[Round "1"]
[White "Isoldo, Salvatore"]
[Black "De Meo, Guido"]
[Result "0-1"]
[WhiteElo "1600"]
[BlackElo "1784"]
[PlyCount "102"]
[EventDate "2007.06.07"]
[EventType "swiss"]
[EventRounds "7"]
[EventCountry "ITA"]
[SourceTitle "EXT 2010"]
[Source "ChessBase"]
[SourceDate "2010.11.25"]
[SourceVersion "1"]
[SourceVersionDate "2010.11.25"]
[SourceQuality "1"]

1. e4 c5 2. Nf3 d6 3. d4 cxd4 4. Nxd4 Nf6 5. Nc3 a6 6. Bc4 b5 7. Bd5 Nxd5 8. Nxd5 Bb7 9. f3 e6 10. Ne3 Be7 11. 0-0 0-0 12. c4 bxc4 13. Nxc4 d5 14. exd5 Bxd5 15. Ne5 Qb6 16. Kh1 Rd8 17. Qa4 f6 18. Ng4 Nd7 19. Ne3 Rac8 20. Ne2 Rxc1 21. Raxc1 Qxe3 22. Ng3 Qa7 23. Nh5 Ne5 24. Nf4 Qb7 25. Nxd5 exd5 26. b3 Nd3 27. Rc2 Nc5 28. Qd4 Ne6 29. Qg4 Qd7 30. Re1 Nf8 31. Qxd7 Rxd7 32. Rc8 Kf7 33. Rc6 a5 34. Rd1 d4 35. Ra6 Bc5 36. a3 Bxa3 37. Rxa5 Bb2 38. Rd3 Ne6 39. g3 Rc7 40. b4 Rb7 41. b5 Nc5 42. Rd1 Bc3 43. Ra8 Rxb5 44. Rc1 Nd3 45. Rf1 Nb2 46. Rb1 d3 47. Rc8 Bd4 48. Rd8 Rb4 49. Rxb2 Rxb2 50. Rxd4 d2 51. Kg1 Rb1+ 0-1

[Event "Napoli Vomero Primavera op 4th"]
[Site "Napoli"]
[Date "2007.05.03"]
[Round "7"]
[White "De Meo, Guido"]
[Black "Gallo, Thomas Renato"]
[Result "1-0"]
[WhiteElo "1724"]
[BlackElo "1837"]
[PlyCount "95"]
[EventDate "2007.03.22"]
[EventType "swiss"]
[EventRounds "7"]
[EventCountry "ITA"]
[SourceTitle "EXT 2010"]
[Source "ChessBase"]
[SourceDate "2010.11.25"]
[SourceVersion "1"]
[SourceVersionDate "2010.11.25"]
[SourceQuality "1"]

1. d4 d6 2. Nf3 g6 3. g3 Bg7 4. Bg2 Nf6 5. 0-0 0-0 6. h3 c6 7. c4 Nbd7 8. d5 cxd5 9. cxd5 Qa5 10. Nc3 b5 11. Nd4 Bb7 12. Ndxb5 Nb6 13. e4 Ba6 14. a4 Rfc8 15. Re1 Nc4 16. Rb1 Nd7 17. b4 Qd8 18. Ne2 Bxb5 19. axb5 Qb6 20. Qa4 Nde5 21. Rd1 Rab8 22. Nd4 Rb7 23. Nc6 Kf8 24. Bf1 Ke8 25. Kg2 Ra8 26. Nd4 h6 27. Qb3 Rc7 28. f4 Nd7 29. Nc6 Nce5 30. fxe5 Nxe5 31. Be3 Qb7 32. Bd4 Rac8 33. Ra1 Nxc6 34. bxc6 Bxd4 35. Rxd4 Qb6 36. Rd2 e5 37. Ra6 Qb8 38. Rda2 Kf8 39. b5 Re8 40. Qb4 Rce7 41. Rf2 Kg7 42. Bd3 Rf8 43. b6 f5 44. exf5 gxf5 45. Bxf5 Ref7 46. Qg4+ Kh8 47. b7 Qc7 48. Rxa7 1-0